[Event "FIN-ch 2019"]
[Site "Helsinki"]
[Date "2019.06.13"]
[Round "4.3"]
[White "Hokkanen, Petri"]
[Black "Nyysti, Sampsa"]
[Result "0-1"]
[WhiteElo "2199"]
[BlackElo "2320"]
[Annotator "NA"]
[PlyCount "58"]
[EventDate "2019.06.10"]
[EventType "swiss"]
[EventCountry "FIN"]
[SourceTitle "playchess.com"]
[Source "ChessBase"]
[SourceQuality "1"]
[TimeControl "40/5400+30:1800+30"]

1. Nf3 {[%emt 0:00:00]} Nf6 {[%emt 0:00:00]} 2. c4 {[%emt 0:00:00]} c5 {[%emt 0:00:58]} 3. g3 {[%emt 0:00:00]} b6 {[%emt 0:00:06]} 4. Bg2 {[%emt 0:00:35]} Bb7 {[%emt 0:00:02]} 5. O-O {[%emt 0:00:57]} e6 {[%emt 0:00:14]} 6. b3 {[%emt 0:00:42]} Be7 {[%emt 0:00:27]} 7. Bb2 {[%emt 0:00:16]} O-O {[%emt 0:00:08]} 8. Nc3 {[%emt 0:00:35]} d6 {[%emt 0:01:38]} 9. e3 {[%emt 0:03:37]} Nbd7 {[%emt 0:00:52]} 10. h3 {[%emt 0:07:22]} a6 {[%emt 0:00:29]} 11. a4 {[%emt 0:01:02]} Rc8 {[%emt 0:07:09]} 12. d3 {[%emt 0:05:27]} d5 {[%emt 0:08:59]} 13. Re1 {[%emt 0:04:16]} Qc7 {[%emt 0:02:51]} 14. e4 {[%emt 0:08:29]} d4 {[%emt 0:03:42]} 15. Ne2 {[%emt 0:00:05]} e5 {[%emt 0:00:12]} 16. Nh4 {[%emt 0:00:26]} g6 {[%emt 0:01:50]} 17. Bc1 {[%emt 0:02:30]} Nh5 {[%emt 0:03:51]} 18. Bh6 {[%emt 0:00:26]} Ng7 {[%emt 0:06:09]} 19. Qd2 {[%emt 0:01:20]} f5 {[%emt 0:09:04]} 20. f4 {[%emt 0:03:11]} fxe4 {[%emt 0:02:43]} 21. dxe4 {[%emt 0:00:24]} Nf6 {[%emt 0:01:49]} 22. Qd3 {[%emt 0:02:46]} Nfh5 {[%emt 0:03:24]} 23. Nf3 {[%emt 0:05:36]} exf4 {[%emt 0:06:50]} 24. gxf4 {[%emt 0:08:56]} Bd6 {[%emt 0:04:39]} 25. e5 {[%emt 0:01:29]} Be7 {[%emt 0:00:03]} 26. Rf1 {[%emt 0:07:56]} Rf5 {[%emt 0:07:39]} 27. Nd2 {[%emt 0:04:51]} Bxg2 28. Kxg2 {[%emt 0:00:02]} Ne6 {[%emt 0:05:16]} 29. Rf3 {[%emt 0:02:18]} Bf8 {[%emt 0:01:35]} 0-1

[Event "FIN-ch 2019"]
[Site "Helsinki"]
[Date "2019.06.13"]
[Round "4.4"]
[White "Jarvenpaa, Jari"]
[Black "Ronka, Erik"]
[Result "0-1"]
[WhiteElo "2204"]
[BlackElo "2270"]
[Annotator "RC"]
[PlyCount "120"]
[EventDate "2019.06.10"]
[EventType "swiss"]
[EventCountry "FIN"]
[SourceTitle "playchess.com"]
[Source "ChessBase"]
[SourceQuality "1"]
[TimeControl "40/5400+30:1800+30"]

1. e4 {[%emt 1:30:30]} c6 {[%emt 1:30:30]} 2. d4 {[%emt 0:00:30]} d5 {[%emt 0:00:30]} 3. exd5 {[%emt 0:00:30]} cxd5 {[%emt 0:00:30]} 4. c4 {[%emt 0:00:30]} Nf6 {[%emt 0:00:30]} 5. Nc3 {[%emt 0:00:30]} g6 {[%emt 0:00:30]} 6. Qb3 {[%emt 0:00:30]} Bg7 {[%emt 0:00:30]} 7. cxd5 {[%emt 0:00:30]} O-O {[%emt 0:00:30]} 8. g3 {[%emt 0:00:30]} e6 {[%emt 0:00:30]} 9. dxe6 {[%emt 0:00:30]} Bxe6 {[%emt 0:00:30]} 10. Qxb7 {[%emt 0:00:30]} Nbd7 {[%emt 0:00:30]} 11. Bg2 {[%emt 0:00:30]} Rb8 {[%emt 0:00:30]} 12. Qxa7 {[%emt 0:00:30]} Re8 {[%emt 0:00:30]} 13. Nge2 {[%emt 0:00:30]} Bc4 {[%emt 0:00:30]} 14. Bf3 {[%emt 0:00:30]} Nd5 {[%emt 0:00:30]} 15. Bxd5 {[%emt 0:00:30]} Rxe2+ {[%emt 0:00:30]} 16. Kd1 {[%emt 0:00:30]} Re7 {[%emt 0:00:30]} 17. Bxc4 Nb6 18. Qxe7 Qxe7 19. Bd3 Bxd4 20. Bd2 {[%emt 0:02:00]} Bxf2 {[%emt 0:02:00]} 21. Kc2 {[%emt 0:00:30]} Qc5 {[%emt 0:00:30]} 22. Rac1 {[%emt 0:00:30]} Ra8 {[%emt 0:00:30]} 23. Kb1 {[%emt 0:00:30]} Qd4 {[%emt 0:00:30]} 24. Be4 {[%emt 0:00:30]} Rc8 {[%emt 0:00:30]} 25. Bb7 {[%emt 0:00:30]} Rb8 {[%emt 0:00:30]} 26. Rhd1 {[%emt 0:00:30]} Qg7 {[%emt 0:00:30]} 27. Bf4 {[%emt 0:00:30]} Re8 {[%emt 0:00:30]} 28. Ne4 {[%emt 0:00:30]} Bd4 {[%emt 0:00:30]} 29. b3 {[%emt 0:00:30]} h6 {[%emt 0:00:30]} 30. Rc2 {[%emt 0:00:30]} g5 {[%emt 0:00:30]} 31. Nd6 {[%emt 0:00:30]} Rd8 {[%emt 0:00:30]} 32. Nf5 {[%emt 0:00:30]} Qf6 {[%emt 0:00:30]} 33. Rxd4 {[%emt 0:00:30]} Rxd4 {[%emt 0:00:30]} 34. Nxd4 {[%emt 0:00:30]} gxf4 {[%emt 0:00:30]} 35. Nf3 {[%emt 0:00:30]} Qe7 {[%emt 0:00:30]} 36. Bc6 {[%emt 0:00:30]} fxg3 {[%emt 0:00:30]} 37. hxg3 {[%emt 0:00:30]} Qd6 {[%emt 0:00:30]} 38. a4 {[%emt 0:00:30]} Qa3 {[%emt 0:00:30]} 39. Nd2 {[%emt 0:00:30]} Kg7 {[%emt 0:00:30]} 40. Bb5 {[%emt 0:00:30]} Nd5 {[%emt 0:00:30]} 41. Be2 {[%emt 0:30:30]} Qb4 {[%emt 0:30:30]} 42. Kb2 {[%emt 0:00:30]} Ne3 {[%emt 0:00:30]} 43. Rc3 {[%emt 0:00:30]} Qd4 {[%emt 0:00:30]} 44. Nf3 {[%emt 0:00:30]} Qf6 {[%emt 0:00:30]} 45. Nd2 {[%emt 0:00:30]} Nd5 {[%emt 0:00:30]} 46. Nb1 {[%emt 0:00:30]} Qd4 {[%emt 0:00:30]} 47. Kc2 {[%emt 0:00:30]} Nxc3 {[%emt 0:00:30]} 48. Nxc3 {[%emt 0:00:30]} Qc5 {[%emt 0:00:30]} 49. Bc4 {[%emt 0:00:30]} f5 {[%emt 0:00:30]} 50. Ne2 {[%emt 0:00:30]} Qb4 {[%emt 0:00:30]} 51. Kd3 {[%emt 0:00:30]} Kf6 {[%emt 0:00:30]} 52. Nc3 {[%emt 0:00:30]} Qd6+ {[%emt 0:00:30]} 53. Nd5+ {[%emt 0:00:30]} Kg5 {[%emt 0:00:30]} 54. a5 {[%emt 0:00:30]} Qxg3+ {[%emt 0:00:30]} 55. Kd2 {[%emt 0:00:30]} Qf2+ {[%emt 0:00:30]} 56. Kd1 {[%emt 0:00:30]} h5 {[%emt 0:00:30]} 57. a6 {[%emt 0:00:30]} h4 {[%emt 0:00:30]} 58. Nb4 {[%emt 0:00:30]} h3 {[%emt 0:00:30]} 59. Nd3 {[%emt 0:00:30]} Qd4 {[%emt 0:00:30]} 60. Ke2 {[%emt 0:00:30]} h2 {[%emt 0:00:30]} 0-1

[Event "FIN-ch 2019"]
[Site "Helsinki"]
[Date "2019.06.13"]
[Round "4.5"]
[White "Lahdelma, Henri"]
[Black "Agopov, Mikael"]
[Result "1/2-1/2"]
[WhiteElo "2188"]
[BlackElo "2432"]
[Annotator "TA"]
[PlyCount "99"]
[EventDate "2019.06.10"]
[EventType "swiss"]
[EventCountry "FIN"]
[SourceTitle "playchess.com"]
[Source "ChessBase"]
[SourceQuality "1"]

{[%evp 9,99,15,38,3,51,20,45,54,56,47,68,50,54,48,47,47,47,46,45,48,47,18,68,38,91,13,30,0,0,0,0,0,0,0,29,0,385,163,129,129,129,137,142,45,35,42,48,43,268,22,27,21,33,27,27,27,27,27,30,8,6,6,11,0,0,0,0,0,81,87,88,47,50,52,52,44,44,42,44,44,35,26,31,0,25,19,20,0,37,0,24,0]} 1. d4 Nf6 2. c4 g6 3. Nc3 d5 4. cxd5 Nxd5 5. Bd2 Nb6 6. Nf3 {D85: Exchange Grünfeld: Unusual White 7th moves and lines with 7 Nf3} Nc6 7. Bg5 Bg7 {[%cal Rc6d4]} 8. e3 {White is slightly better.} O-O 9. Bb5 Na5 10. O-O Nac4 $146 ({Predecessor:} 10... Be6 11. Ne4 Nac4 12. Nc5 Bg4 13. Rc1 Bxf3 14. gxf3 Nd6 15. Be2 Qe8 {1-0 (40) Dreev,A (2698)-Kristjansson,S (2459) Gothenburg 2005}) 11. Rc1 c6 12. Bxc4 $1 Nxc4 13. Qe2 Nb6 14. Rfd1 Re8 15. e4 Be6 16. b3 a5 ({Better is} 16... Bg4 $14) 17. Qe3 (17. Be3 $16) 17... a4 $11 18. bxa4 Nxa4 19. Nxa4 Rxa4 20. d5 $36 {[%mdl 2048] White has good play.} cxd5 21. exd5 Bd7 $1 22. d6 {[%cal Rd6e7]} f6 $2 {[%mdl 8192]} (22... Bf6 $1 $11 {and Black has nothing to worry.}) 23. dxe7 (23. Qb3+ $142 e6 24. Ne5 $1 {[%mdl 512]} (24. Qxb7 fxg5 25. Rc7 Qb8 $16) 24... fxg5 25. Nxd7) 23... Qxe7 $18 24. Qb3+ {[%mdl 64] Double Attack} Kh8 25. Qxb7 Re4 26. Be3 (26. Rxd7 $2 {gets mated.} Re1+ $1 {[%mdl 512]} 27. Nxe1 Qxe1+ 28. Rxe1 Rxe1#) (26. Bxf6 $16 Bxf6 27. Qxd7) 26... Ba4 $14 27. Qxe7 R4xe7 28. Rd4 Ra8 $2 {[#]} (28... Ra7 $14) 29. Rdc4 $2 (29. Rxa4 $1 $18 {[%mdl 512]} Rxa4 30. Rc8+ Bf8 31. Bh6 (31. Rxf8+ Kg7 $16)) 29... Be8 30. a3 Kg8 31. Rc8 Rxc8 32. Rxc8 Kf7 33. h3 Rb7 34. Ra8 Bf8 35. Nd2 Rc7 36. a4 Rc1+ 37. Kh2 Bd6+ 38. f4 Rc3 (38... Bc6 $11 {keeps the balance.} 39. Ra7+ Ke6) 39. Ne4 $1 $16 {[%csl LRc3,LRd6][%mdl 64] Double Attack} Rd3 40. Nxd6+ (40. a5 {is more complex.} Bc6 41. Nxd6+ Rxd6 42. Ra6 Re6 43. Rb6) 40... Rxd6 {[%mdl 4096] Endgame KRB-KRB} 41. a5 Rd3 42. Ra7+ Ke6 43. Bb6 Rd2 44. Rc7 Bb5 45. Rc1 Kd7 46. Rc7+ Kd6 47. Rf7 Ke6 48. Rc7 Kd6 49. Rf7 Ke6 50. Rc7 {Accuracy: White = 36%, Black = 60%.} 1/2-1/2

[Event "FIN-ch 2019"]
[Site "Helsinki"]
[Date "2019.06.13"]
[Round "4.5"]
[White "Lahdelma, Henri"]
[Black "Agopov, Mikael"]
[Result "*"]
[WhiteElo "2188"]
[BlackElo "2432"]
[Annotator "NA"]
[PlyCount "59"]
[EventDate "2019.06.10"]
[EventType "swiss"]
[EventCountry "FIN"]
[SourceTitle "playchess.com"]
[Source "ChessBase"]
[SourceQuality "1"]
[TimeControl "40/5400+30:1800+30"]

1. d4 {[%emt 0:00:00]} Nf6 {[%emt 0:00:00]} 2. c4 {[%emt 0:00:00]} g6 {[%emt 0:00:00]} 3. Nc3 {[%emt 0:00:00]} d5 {[%emt 0:00:00]} 4. cxd5 {[%emt 0:00:00]} Nxd5 {[%emt 0:00:00]} 5. Bd2 {[%emt 0:00:10]} Nb6 {[%emt 0:00:00]} 6. Nf3 {[%emt 0:00:17]} Nc6 {[%emt 0:02:21]} 7. Bg5 {[%emt 0:00:51]} Bg7 {[%emt 0:00:11]} 8. e3 {[%emt 0:00:06]} O-O {[%emt 0:00:23]} 9. Bb5 {[%emt 0:01:02]} Na5 {[%emt 0:08:36]} 10. O-O {[%emt 0:00:32]} Nac4 {[%emt 0:04:35]} 11. Rc1 {[%emt 0:08:27]} c6 {[%emt 0:02:15]} 12. Bxc4 {[%emt 0:00:29]} Nxc4 {[%emt 0:00:03]} 13. Qe2 {[%emt 0:02:56]} Nb6 {[%emt 0:12:20]} 14. Rfd1 {[%emt 0:08:48]} Re8 {[%emt 0:07:18]} 15. e4 {[%emt 0:17:27]} Be6 {[%emt 0:08:58]} 16. b3 {[%emt 0:03:05]} a5 {[%emt 0:01:41]} 17. Qe3 {[%emt 0:02:05]} a4 {[%emt 0:00:53]} 18. bxa4 {[%emt 0:12:35]} Nxa4 {[%emt 0:00:52]} 19. Nxa4 {[%emt 0:00:24]} Rxa4 {[%emt 0:00:25]} 20. d5 {[%emt 0:00:16]} cxd5 {[%emt 0:06:08]} 21. exd5 {[%emt 0:00:08]} Bd7 {[%emt 0:00:08]} 22. d6 {[%emt 0:03:36]} f6 {[%emt 0:00:43]} 23. dxe7 {[%emt 0:01:26]} Qxe7 {[%emt 0:00:18]} 24. Qb3+ {[%emt 0:02:58]} Kh8 {[%emt 0:02:27]} 25. Qxb7 {[%emt 0:13:51]} Re4 {[%emt 0:07:16]} 26. Be3 {[%emt 0:08:39]} Ba4 {[%emt 0:02:52]} 27. Qxe7 {[%emt 0:00:07]} Re6 28. Qxe8+ Rxe8 {[%emt 0:00:42]} 29. Rd4 {[%emt 0:01:30]} Re7 {[%emt 0:03:17]} 30. Rdc4 {[%emt 0:01:07]} *

[Event "FIN-ch 2019"]
[Site "Helsinki"]
[Date "2019.06.13"]
[Round "4.6"]
[White "Norri, Joose"]
[Black "Ristoja, Samu"]
[Result "1-0"]
[WhiteElo "2271"]
[BlackElo "2197"]
[Annotator "NA"]
[PlyCount "69"]
[EventDate "2019.06.10"]
[EventType "swiss"]
[EventCountry "FIN"]
[SourceTitle "playchess.com"]
[Source "ChessBase"]
[SourceQuality "1"]
[TimeControl "40/5400+30:1800+30"]

1. d4 {[%emt 1:30:30]} Nf6 {[%emt 1:30:30]} 2. c4 {[%emt 0:00:30]} e6 {[%emt 0:00:30]} 3. Nf3 {[%emt 0:00:30]} d5 {[%emt 0:00:30]} 4. Nc3 {[%emt 0:00:30]} c6 {[%emt 0:00:30]} 5. Bg5 {[%emt 0:00:30]} h6 {[%emt 0:00:30]} 6. Bh4 {[%emt 0:00:30]} g5 {[%emt 0:00:30]} 7. Bg3 {[%emt 0:00:30]} Ne4 {[%emt 0:00:30]} 8. e3 {[%emt 0:00:30]} Bb4 {[%emt 0:00:30]} 9. Qb3 {[%emt 0:00:30]} Qa5 {[%emt 0:00:30]} 10. Rc1 {[%emt 0:00:30]} Nd7 {[%emt 0:00:30]} 11. Bd3 {[%emt 0:00:30]} f5 {[%emt 0:00:30]} 12. Bxe4 {[%emt 0:00:30]} dxe4 {[%emt 0:00:30]} 13. Nd2 {[%emt 0:00:30]} O-O {[%emt 0:00:30]} 14. c5 {[%emt 0:00:30]} Nf6 {[%emt 0:00:30]} 15. f3 {[%emt 0:00:30]} exf3 16. gxf3 Nd5 17. Nc4 Qd8 18. Bd6 Rf7 19. Ke2 {[%emt 0:02:00]} Bxc3 {[%emt 0:02:30]} 20. bxc3 {[%emt 0:00:30]} b6 {[%emt 0:00:30]} 21. Ne5 {[%emt 0:00:30]} Rb7 {[%emt 0:00:30]} 22. Qc2 {[%emt 0:00:30]} bxc5 {[%emt 0:00:30]} 23. dxc5 {[%emt 0:00:30]} Qa5 {[%emt 0:00:30]} 24. e4 {[%emt 0:00:30]} Nf4+ {[%emt 0:00:30]} 25. Kf2 {[%emt 0:00:30]} Bd7 {[%emt 0:00:30]} 26. Rb1 {[%emt 0:00:30]} Rxb1 {[%emt 0:00:30]} 27. Rxb1 {[%emt 0:00:30]} Bc8 {[%emt 0:00:30]} 28. h4 {[%emt 0:00:30]} Ba6 {[%emt 0:00:30]} 29. hxg5 {[%emt 0:00:30]} hxg5 {[%emt 0:00:30]} 30. exf5 {[%emt 0:00:30]} exf5 {[%emt 0:00:30]} 31. Rg1 {[%emt 0:00:30]} Nh3+ {[%emt 0:00:30]} 32. Kg2 {[%emt 0:00:30]} g4 {[%emt 0:00:30]} 33. fxg4 {[%emt 0:00:30]} Nf4+ {[%emt 0:00:30]} 34. Kh1 {[%emt 0:00:30]} Ne6 {[%emt 0:00:30]} 35. gxf5+ {[%emt 0:00:30]} 1-0

[Event "FIN-ch 2019"]
[Site "Helsinki"]
[Date "2019.06.13"]
[Round "4.7"]
[White "Lindholm, Jere"]
[Black "Tiitta, Sauli"]
[Result "0-1"]
[WhiteElo "2145"]
[BlackElo "2214"]
[Annotator "NA RC"]
[PlyCount "120"]
[EventDate "2019.06.10"]
[EventType "swiss"]
[EventCountry "FIN"]
[SourceTitle "playchess.com"]
[Source "ChessBase"]
[SourceQuality "1"]
[TimeControl "40/5400+30:1800+30"]

1. e4 {[%emt 0:00:00]} c6 {[%emt 0:07:31]} 2. d4 {[%emt 0:00:00]} d5 {[%emt 0:00:07]} 3. e5 {[%emt 0:00:00]} Bf5 {[%emt 0:00:11]} 4. Nf3 {[%emt 0:00:00]} e6 {[%emt 0:00:07]} 5. Be2 {[%emt 0:00:00]} Nd7 {[%emt 0:00:09]} 6. O-O {[%emt 0:00:01]} h6 {[%emt 0:00:06]} 7. Nbd2 {[%emt 0:00:06]} g5 {[%emt 0:00:14]} 8. Nb3 {[%emt 0:04:27]} Qc7 {[%emt 0:03:46]} 9. Ne1 {[%emt 0:04:34]} O-O-O {[%emt 0:00:55]} 10. f4 {[%emt 0:11:46]} f6 {[%emt 0:03:24]} 11. Nf3 {[%emt 0:01:13]} Be4 {[%emt 0:02:50]} 12. Kh1 {[%emt 0:07:23]} Ne7 {[%emt 0:08:51]} 13. exf6 {[%emt 0:04:25]} Nxf6 {[%emt 0:05:22]} 14. Ne5 {[%emt 0:00:09]} Nf5 {[%emt 0:04:36]} 15. Bd3 {[%emt 0:13:36]} Qg7 {[%emt 0:04:09]} 16. Bxe4 {[%emt 0:07:47]} Nxe4 {[%emt 0:00:20]} 17. c3 {[%emt 0:00:12]} h5 {[%emt 0:02:04]} 18. fxg5 {[%emt 0:05:38]} Bd6 {[%emt 0:11:00]} 19. Bf4 {[%emt 0:02:16]} h4 {[%emt 0:24:03]} 20. Kg1 {[%emt 0:00:17]} Rhg8 {[%emt 0:05:22]} 21. Qe2 {[%emt 0:07:21]} Bxe5 {[%emt 0:11:37]} 22. Bxe5 {[%emt 0:00:07]} Qxg5 {[%emt 0:00:06]} 23. Bf4 {[%emt 0:00:07]} Qg6 {[%emt 0:00:22]} 24. Nc5 {[%emt 0:06:28]} h3 {[%emt 0:02:39]} 25. Nxe4 {[%emt 0:14:52]} Qxg2+ {[%emt 0:00:05]} 26. Qxg2 {[%emt 0:00:05]} Rxg2+ {[%emt 0:00:21]} 27. Kh1 {[%emt 0:00:04]} dxe4 {[%emt 0:00:02]} 28. Rae1 {[%emt 0:00:47]} Rxb2 {[%emt 0:00:51]} 29. Rxe4 {[%emt 0:00:05]} Kd7 {[%emt 0:00:10]} 30. Rfe1 {[%emt 0:00:39]} Re8 {[%emt 0:00:34]} 31. R4e2 {[%emt 0:03:18]} Rxe2 {[%emt 0:00:11]} 32. Rxe2 {[%emt 0:00:06]} Rg8 {[%emt 0:00:56]} 33. Rf2 {[%emt 0:02:53]} Rg4 {[%emt 0:00:04]} 34. Rf3 {[%emt 0:00:40]} Nh4 {[%emt 0:00:06]} 35. Rf2 {[%emt 0:00:11]} Ng2 {[%emt 0:00:12]} 36. Bg3 {[%emt 0:00:33]} Ke7 {[%emt 0:00:51]} 37. Rf3 {[%emt 0:01:32]} Re4 {[%emt 0:00:15]} 38. Bf2 {[%emt 0:00:25]} Rf4 {[%emt 0:00:34]} 39. Rxf4 {[%emt 0:04:01]} Nxf4 {[%emt 0:00:05]} 40. Bh4+ {[%emt 0:00:17]} Kf7 {[%emt 0:00:17]} 41. Kg1 {[%emt 0:30:09]} Kg6 {[%emt 0:30:48]} 42. Kf2 {[%emt 0:00:26]} Kf5 {[%emt 0:00:52]} 43. Kf3 {[%emt 0:00:18]} b5 {[%emt 0:00:15]} 44. Be1 {[%emt 0:00:31]} a5 {[%emt 0:02:06]} 45. Bd2 {[%emt 0:00:21]} Nd5 {[%emt 0:00:32]} 46. Kg3 {[%emt 0:01:02]} Ke4 {[%emt 0:02:15]} 47. Kxh3 {[%emt 0:00:16]} Kd3 {[%emt 0:00:08]} 48. Be1 {[%emt 0:00:08]} Kc2 {[%emt 0:01:02]} 49. Kg4 {[%emt 0:00:00]} a4 {[%emt 0:00:00]} 50. h4 {[%emt 0:00:00]} a3 {[%emt 0:00:00]} 51. Kg5 {[%emt 0:00:00]} Ne3 {[%emt 0:00:00]} 52. h5 {[%emt 0:00:00]} Nf5 {[%emt 0:00:00]} 53. c4 {[%emt 0:00:00]} bxc4 {[%emt 0:00:00]} 54. Kf6 {[%emt 0:00:00]} Kb2 {[%emt 0:00:00]} 55. Kxe6 {[%emt 0:05:58]} Ng7+ {[%emt 0:00:00]} 56. Kd6 {[%emt 0:00:00]} Nxh5 {[%emt 0:00:00]} 57. Kxc6 {[%emt 0:00:00]} c3 {[%emt 0:00:00]} 58. d5 {[%emt 0:00:00]} c2 {[%emt 0:00:00]} 59. Bd2 {[%emt 0:00:00]} c1=Q+ {[%emt 0:00:00]} 60. Bxc1+ {[%emt 0:00:00]} Kxc1 {[%emt 0:00:00]} 0-1

[Event "FIN-ch 2019"]
[Site "Helsinki"]
[Date "2019.06.14"]
[Round "5.1"]
[White "Sipila, Vilka"]
[Black "Keinanen, Toivo"]
[Result "1/2-1/2"]
[WhiteElo "2410"]
[BlackElo "2370"]
[Annotator "TA"]
[PlyCount "186"]
[EventDate "2019.06.10"]
[EventType "swiss"]
[EventCountry "FIN"]
[SourceTitle "playchess.com"]
[Source "ChessBase"]
[SourceQuality "1"]

{[%evp 14,186,16,0,0,0,0,-7,-8,-9,23,-98,-99,-115,-113,-115,-109,-118,-129,-120,-123,-120,-123,-125,-115,-151,-144,-144,-142,-144,-131,-140,-127,-128,-119,-118,-77,-85,-79,-107,-109,-125,-90,-100,-97,-91,-83,-86,-83,-85,-83,-83,-83,-83,-79,-79,-79,-79,-77,-77,-77,-77,-72,-71,0,-88,-88,-88,-88,-93,-91,-95,-89,-92,-64,-71,-56,-56,-56,-56,-42,-56,-56,-56,-56,-71,-71,-71,-71,-71,-71,-71,-71,-71,-71,-71,-71,-71,-71,-71,-71,-71,-71,-71,-71,-71,-71,-71,-71,-71,-71,-71,-71,-71,-71,-71,-71,-71,-71,-71,-71,-71,-71,-71,-71,-71,-71,-71,-71,-71,-71,-71,-71,-71,-71,-71,-71,-71,-71,-71,0,-71,0,-71,0,-29,0,-71,0,-71,-71,-71,-71,-71,-71,-71,0,-71,0,-71,0,-71,-71,-71,-71,-71,-71,-71,-71,-71,-71,-72,-71,-71,-71]} 1. e4 e6 2. d4 d5 3. Nc3 {[%cal Bb1c3,Bc3e2,Be2f4][%mdl 32]} Nf6 4. e5 Nfd7 5. Nce2 c5 6. c3 Nc6 7. Nf3 b5 8. Nf4 Qa5 {C11: French: Classical System: 4 e5 and 4 Bg5 dxe4} (8... Qb6 9. Be2 cxd4 10. cxd4 b4 11. O-O Be7 12. Nh5 O-O 13. Be3 Ba6 14. Bxa6 Qxa6 15. Ne1 g6 16. Nf4 {1-0 (46) Harikrishna,P (2680)-Malakhatko,V (2529) Biel 2013}) 9. dxc5 {Hoping for b4.} b4 $1 {[%cal Rb4c3]} 10. c4 dxc4 {The position is equal.} 11. Bxc4 Ndxe5 12. Be2 (12. Nxe5 $11 Nxe5 13. Bd5) 12... Bxc5 $17 13. Nd3 $146 ({Predecessor:} 13. O-O O-O 14. Ng5 h6 15. Ne4 Be7 16. Nh5 {0-1 (40) Andersen,O (2110)-Bromann,T (2220) Copenhagen 1996}) 13... Nxd3+ 14. Qxd3 Bb7 15. Bd2 Rd8 16. Qb5 Qb6 17. O-O Rd5 {[#] ...Bxf2+! is the strong threat.} 18. Qxb6 axb6 19. a3 bxa3 20. bxa3 Ke7 21. Bc4 Rd7 22. Bb5 Ra8 23. a4 Rdd8 24. Be3 Nd4 25. Nxd4 Bxd4 26. Bxd4 Rxd4 27. Rab1 Rd6 28. Rb4 Rc8 29. Rfb1 Rcd8 {Threatens to win with ...Rd1+.} 30. Be2 Bc6 31. f3 Rd2 32. Kf2 Ra2 33. R1b2 Rxb2 34. Rxb2 Bxa4 35. Rxb6 {[%mdl 4096] Endgame KRB-KRB} Rd2 {aiming for ...Bd1.} 36. Ke3 Ra2 37. h4 Ra3+ 38. Kf4 {[#]} Ra2 (38... e5+ $1 $17 {[%mdl 512]} 39. Ke4 (39. Kxe5 Re3+) 39... Be8) 39. Bf1 (39. Ke3 $1 $11 {remains equal.}) 39... Rf2 40. Rb1 Bc6 41. Kg3 Rd2 42. Rc1 Bd7 43. Rc7 Kf6 44. Kf4 Ba4 45. g4 Rd7 46. g5+ Ke7 47. Rxd7+ Bxd7 $15 {KB-KB} 48. Bd3 h6 49. Kg4 e5+ 50. Kg3 Bc6 51. Kf2 f6 52. gxh6 gxh6 53. Ke3 Ke6 54. f4 Be8 55. Bc2 Bh5 56. Bd3 Bg4 57. Bc2 f5 58. fxe5 Kxe5 59. Bd3 Bh5 60. Bc2 Be8 61. Bd3 Bc6 62. Bc2 Be4 63. Bd1 Ba8 64. Bc2 Bb7 65. Bd1 Ba6 66. Bc2 Bb5 67. Bd1 Bc4 68. Bc2 Bd5 69. Bd1 Be6 70. Bc2 Bf7 71. Bd1 Bg6 72. Be2 Bh7 73. Bd1 Bg8 74. Be2 Bb3 75. Bd3 Bd1 76. Bb1 Bh5 ({Black should play} 76... f4+ $17 77. Kf2 Bh5) 77. Bd3 (77. Bc2 $1 $11 {was the only way to keep the balance.}) 77... Bg6 {( -> ...f4+)} 78. Be2 $1 Bh7 79. Bd1 $1 Bg8 80. Bc2 (80. Be2 $1 $11) 80... Bd5 81. Bd1 $1 Be4 82. Be2 Bc2 83. Bh5 Ba4 84. Be2 Be8 (84... f4+ $17 85. Kf3 Bc6+ 86. Kg4 Be8) 85. Bd1 (85. Bd3 $11) 85... Bg6 86. Be2 $1 Be8 (86... f4+ $17 87. Kf2 Kd4) 87. Bd1 (87. Bd3 $11) 87... f4+ {Black is better.} 88. Kf2 Kf5 89. Be2 Bc6 90. Bd1 Bb5 91. Bf3 Bd3 92. Bd1 Kf6 93. Bf3 Ke5 {Accuracy: White = 74%, Black = 67%.} 1/2-1/2

[Event "FIN-ch 2019"]
[Site "Helsinki"]
[Date "2019.06.14"]
[Round "5.2"]
[White "Nyysti, Sampsa"]
[Black "Ronka, Erik"]
[Result "0-1"]
[WhiteElo "2320"]
[BlackElo "2270"]
[Annotator "ChessBase"]
[PlyCount "80"]
[EventDate "2019.06.10"]
[EventType "swiss"]
[EventCountry "FIN"]
[SourceTitle "playchess.com"]
[Source "ChessBase"]
[SourceQuality "1"]
[TimeControl "40/5400+30:1800+30"]

1. e4 {[%emt 0:00:00]} c6 {[%emt 0:00:00]} 2. d4 {[%emt 0:00:00]} d5 {[%emt 0:00:00]} 3. e5 {[%emt 0:00:17]} c5 {[%emt 0:00:00]} 4. dxc5 {[%emt 0:01:13]} e6 {[%emt 0:00:00]} 5. a3 {[%emt 0:01:12]} Nc6 {[%emt 0:00:27]} 6. Nf3 {[%emt 0:01:29]} Bxc5 {[%emt 0:00:03]} 7. b4 {[%emt 0:00:24]} Bb6 {[%emt 0:00:02]} 8. Bb2 {[%emt 0:02:18]} Nge7 {[%emt 0:00:03]} 9. Bd3 {[%emt 0:01:43]} Ng6 {[%emt 0:00:01]} 10. O-O {[%emt 0:01:40]} Nf4 {[%emt 0:00:02]} 11. Re1 {[%emt 0:01:57]} Nxd3 {[%emt 0:01:48]} 12. cxd3 {[%emt 0:01:19]} O-O {[%emt 0:01:04]} 13. Nbd2 {[%emt 0:00:22]} Bd7 {[%emt 0:00:40]} 14. Nb3 {[%emt 0:00:33]} Rc8 {[%emt 0:03:59]} 15. d4 {[%emt 0:01:51]} Ne7 {[%emt 0:04:07]} 16. Nc5 {[%emt 0:00:21]} Rc7 {[%emt 0:01:00]} 17. Qd3 {[%emt 0:07:56]} a5 {[%emt 0:07:31]} 18. Bc1 {[%emt 0:01:53]} Ng6 {[%emt 0:11:03]} 19. Bg5 {[%emt 0:00:53]} Qe8 {[%emt 0:00:30]} 20. h4 {[%emt 0:03:17]} h6 {[%emt 0:06:41]} 21. Bd2 {[%emt 0:04:19]} Bb5 {[%emt 0:03:26]} 22. Qe3 {[%emt 0:00:51]} axb4 {[%emt 0:11:55]} 23. axb4 {[%emt 0:01:27]} Qe7 {[%emt 0:11:46]} 24. g3 {[%emt 0:00:14]} Rb8 {[%emt 0:01:29]} 25. Nh2 {[%emt 0:02:24]} Rcc8 {[%emt 0:05:01]} 26. Ng4 {[%emt 0:02:55]} Bd8 {[%emt 0:01:03]} 27. Ra3 {[%emt 0:08:45]} b6 {[%emt 0:01:15]} 28. Nd3 {[%emt 0:00:08]} Ra8 {[%emt 0:04:47]} 29. Rea1 {[%emt 0:00:53]} Rxa3 {[%emt 0:01:04]} 30. Rxa3 {[%emt 0:00:02]} Qc7 {[%emt 0:01:00]} 31. Ne1 {[%emt 0:23:08]} Ne7 {[%emt 0:01:53]} 32. Rc3 {[%emt 0:07:58]} Qd7 {[%emt 0:02:39]} 33. Nf3 {[%emt 0:00:35]} Rxc3 {[%emt 0:01:44]} 34. Bxc3 {[%emt 0:00:53]} Nc6 {[%emt 0:01:46]} 35. Bd2 {[%emt 0:12:21]} Qa7 {[%emt 0:04:07]} 36. Qe1 {[%emt 0:04:02]} Qa3 {[%emt 0:00:51]} 37. Kg2 {[%emt 0:01:21]} Be7 {[%emt 0:01:13]} 38. Bxh6 {[%emt 0:02:16]} gxh6 {[%emt 0:00:59]} 39. Qd2 {[%emt 0:00:30]} Bf1+ {[%emt 0:05:53]} 40. Kxf1 {[%emt 0:00:27]} Qxf3 {[%emt 0:00:03]} 0-1